| 000 | 01152nam a22003377a 4500 | ||
|---|---|---|---|
| 003 | CHAP | ||
| 005 | 20220329141954.0 | ||
| 008 | 981028d1994 mx a r 00110 spa d | ||
| 010 | _a76482 | ||
| 011 | _a77454 | ||
| 035 | _a87061 | ||
| 040 | _cCHAP | ||
| 090 | _aFolleto 15251 | ||
| 100 | 0 | 0 |
_aOrtiz Ortiz, Gilberto A. _984039 |
| 245 | 1 | 0 |
_aGanado lechero en pastoreo _c/por Gilberto A. Ortíz Ortíz |
| 260 |
_aXalapa, Ver. : _bINIFAP. Campo Experimental Xalapa, _c1994. |
||
| 300 |
_a19 p. : _bilus. ; cuadros ; anexo |
||
| 410 | 2 | 1 |
_aINIFAP. Campo Experimental Xalapa. _bDivisión Pecuaria |
| 490 | 0 |
_aFolleto técnico _v; 2 |
|
| 590 |
_aBATCH-UPD _b10 _c20130110 _lUCH01 _h1704 |
||
| 590 |
_aBATCH-UPD _b10 _c20130410 _lUCH01 _h1051 |
||
| 590 |
_aBATCH-UPD _b10 _c20130914 _lUCH01 _h1424 |
||
| 590 |
_aCONVERSION _b10 _c20130109 _lUCH01 _h1342 |
||
| 650 | 1 | 4 |
_aGanado lechero _xPastoreo. _945284 |
| 810 | 2 | 1 |
_aINIFAP. Campo Experimental Xalapa. _bDivisión Pecuaria _958693 |
| 830 | 0 |
_aFolleto técnico _v; 2 _942067 |
|
| 901 | _aBK | ||
| 905 | _aAlejandra Carrasco M. | ||
| 942 | _cFOLL | ||
| 949 |
_aFolleto 15251 _bBC _cFOLL _d870611 _eTS1 _i87061 _sb |
||
| 999 |
_c76482 _d76482 |
||